Vietnam urban upgrading project

Gorde:
Xehetasun bibliografikoak
Egile korporatiboa: Poeple's Committee of Can Tho City., Project management unit of urban upgrading project
Formatua: Liburua
Hizkuntza:Undetermined
Argitaratua: Washington D.C. The World Bank 2003
Gaiak:
Etiketak: Etiketa erantsi
Etiketarik gabe, Izan zaitez lehena erregistro honi etiketa jartzen!
Thư viện lưu trữ: Trung tâm Học liệu Trường Đại học Cần Thơ
LEADER 00656nam a2200193Ia 4500
001 CTU_62247
008 210402s9999 xx 000 0 und d
082 |a 363.7 
082 |b W927v/Vol.2D 
110 |a Poeple's Committee of Can Tho City. 
110 |b Project management unit of urban upgrading project 
245 0 |a Vietnam urban upgrading project 
245 0 |c Poeple's Committee of Can Tho City. Project management unit of urban upgrading project 
260 |a Washington D.C. 
260 |b The World Bank 
260 |c 2003 
650 |a environmental impact analysis 
904 |i Minh 
980 |a Trung tâm Học liệu Trường Đại học Cần Thơ